Star Wars Planets by picture #1 - Statistics

General Stats
  • This quiz has been taken 192 times
  • The average score is 10 of 16
Answer Stats
Picture Hint Answer % Correct
Senate Coruscant
95%
Leia Alderaan
92%
Yoda Dagobah
92%
Ewok Endor
92%
Tauntaun Hoth
90%
Lando Bespin
79%
Darth Maul Dathomir
77%
Salt Crait
69%
Scavenger Jakku
67%
Final Order Exegol
64%
Han Solo Corellia
61%
Kyber Ilum
54%
Ahsoka Christophsis
23%
Exile Ach-to
20%
Galen Erso Eadu
20%
Commerce Guild Felucia
11%
No matching quizzes found
Score Distribution
Percent of People with Each Score
Percentile by Number Answered
Your Score History
You have not taken this quiz